[Event "31st Klatovy A 2025"]
[Site "Klatovy CZE"]
[Date "2025.06.28"]
[Round "1.18"]
[White "Slivova, Linda"]
[Black "Kupsa, Matej 2001"]
[Result "1-0"]
[WhiteElo "1862"]
[BlackElo "2100"]
[PlyCount "121"]
[EventDate "2025.06.28"]
[EventType "swiss"]
[EventRounds "9"]
[EventCountry "CZE"]

1. e4 {[%emt 0:00:03]} c5 {[%emt 0:01:21]} 2. Nc3 {[%emt 0:00:21]} e6 {[%emt 0:01:39]} 3. g3 {[%emt 0:00:53]} Nc6 {[%emt 0:05:33]} 4. Bg2 {[%emt 0:00:24]} g6 {[%emt 0:02:24]} 5. d3 {[%emt 0:00:21]} Bg7 {[%emt 0:00:07]} 6. Be3 {[%emt 0:00:38]} b6 {[%emt 0:12:41]} 7. Qd2 {[%emt 0:01:53]} Nge7 {[%emt 0:13:08]} 8. Bh6 {[%emt 0:02:58]} O-O {[%emt 0:25:04]} 9. Nge2 {[%emt 0:01:54]} Bb7 {[%emt 0:05:42]} 10. h4 {[%emt 0:07:38]} Bxh6 {[%emt 0:18:39]} 11. Qxh6 {[%emt 0:00:27]} Kh8 {[%emt 0:00:40]} 12. Qd2 {[%emt 0:21:38]} e5 {[%emt 0:13:28]} 13. h5 {[%emt 0:10:16]} Nd4 {[%emt 0:07:38]} 14. f4 {[%emt 0:02:53]} d6 {[%emt 0:02:43]} 15. Nd1 {[%emt 0:02:54]} Ng8 {[%emt 0:04:53]} 16. c3 {[%emt 0:04:23]} Nxe2 {[%emt 0:01:13]} 17. Qxe2 {[%emt 0:00:12]} g5 {[%emt 0:00:42]} 18. fxe5 {[%emt 0:11:02]} dxe5 {[%emt 0:00:02]} 19. Ne3 {[%emt 0:00:07]} Nh6 {[%emt 0:02:54]} 20. Rf1 {[%emt 0:04:09]} f6 {[%emt 0:00:48]} 21. Bh3 {[%emt 0:03:04]} b5 {[%emt 0:01:41]} 22. O-O-O {[%emt 0:12:57]} Qb6 {[%emt 0:02:02]} 23. Bf5 {[%emt 0:15:01]} Rad8 {[%emt 0:00:28]} 24. c4 {[%emt 0:03:11]} bxc4 {[%emt 0:03:24]} 25. dxc4 {[%emt 0:00:40]} Rd4 {[%emt 0:00:24]} 26. Nd5 {[%emt 0:06:23]} Qa6 {[%emt 0:00:58]} 27. b3 {[%emt 0:00:16]} Qd6 {[%emt 0:00:03]} 28. Rf3 {[%emt 0:04:56]} a5 {[%emt 0:01:19]} 29. a4 {[%emt 0:00:29]} Bc6 {[%emt 0:00:54]} 30. Rdf1 {[%emt 0:02:33]} Ng8 {[%emt 0:01:57]} 31. Qf2 {[%emt 0:02:32]} Rb8 {[%emt 0:00:49]} 32. Qc2 {[%emt 0:06:13]} Kg7 {[%emt 0:00:38]} 33. h6+ {[%emt 0:01:17]} Nxh6 {[%emt 0:00:28]} 34. Bxh7 {[%emt 0:00:56]} Kxh7 {[%emt 0:00:34]} 35. Rxf6 {[%emt 0:00:10]} Qd7 {[%emt 0:00:29]} 36. Qh2 {[%emt 0:01:06]} Qg7 {[%emt 0:00:24]} 37. Rf7 {[%emt 0:00:32]} Bxd5 {[%emt 0:00:38]} 38. Rxg7+ {[%emt 0:00:16]} Kxg7 {[%emt 0:00:02]} 39. exd5 {[%emt 0:00:21]} Rxb3 {[%emt 0:00:19]} 40. Qe2 {[%emt 0:00:58]} e4 {[%emt 0:00:57]} 41. Rd1 {[%emt 0:00:22]} Rbd3 {[%emt 0:00:42]} 42. Rxd3 {[%emt 0:00:21]} exd3 {[%emt 0:00:12]} 43. Qe7+ {[%emt 0:00:34]} Kg6 {[%emt 0:00:17]} 44. Qxc5 {[%emt 0:00:16]} d2+ {[%emt 0:00:24]} 45. Kd1 {[%emt 0:00:10]} Nf5 {[%emt 0:00:04]} 46. Qc6+ {[%emt 0:01:04]} Kh5 {[%emt 0:00:35]} 47. Qe8+ {[%emt 0:00:22]} Kg4 {[%emt 0:00:17]} 48. Qe5 {[%emt 0:00:44]} Rxc4 {[%emt 0:00:37]} 49. Qe2+ {[%emt 0:00:21]} Kxg3 {[%emt 0:00:16]} 50. Qd3+ {[%emt 0:00:51]} Kh2 {[%emt 0:01:46]} 51. Qxd2+ {[%emt 0:00:20]} Kh1 {[%emt 0:00:32]} 52. Qe1+ {[%emt 0:00:09]} Kg2 {[%emt 0:00:18]} 53. Qe2+ {[%emt 0:00:15]} Kg1 {[%emt 0:00:18]} 54. Qe1+ {[%emt 0:00:50]} Kg2 {[%emt 0:00:04]} 55. Qd2+ {[%emt 0:00:27]} Kh1 {[%emt 0:01:14]} 56. Qxg5 {[%emt 0:01:26]} Nh4 {[%emt 0:00:37]} 57. Ke2 {[%emt 0:00:44]} Ng2 {[%emt 0:00:30]} 58. d6 {[%emt 0:00:34]} Nf4+ {[%emt 0:00:31]} 59. Kf3 {[%emt 0:00:22]} Rd4 {[%emt 0:00:30]} 60. Qxf4 {[%emt 0:00:13]} Rd3+ {[%emt 0:00:30]} 61. Ke2 {[%emt 0:00:49]} 1-0

[Event "31st Klatovy A 2025"]
[Site "Klatovy CZE"]
[Date "2025.06.28"]
[Round "1.19"]
[White "Honcharov, Makar"]
[Black "Mrazik, Marek"]
[Result "1-0"]
[WhiteElo "2099"]
[BlackElo "1854"]
[PlyCount "62"]
[EventDate "2025.06.28"]
[EventType "swiss"]
[EventRounds "9"]
[EventCountry "CZE"]

1. e4 e6 2. Nf3 d5 3. e5 Bd7 4. d4 c5 5. c3 Nc6 6. Bd3 cxd4 7. cxd4 Qb6 8. Be2 Nge7 9. Na3 Nf5 10. Nc2 Be7 11. O-O O-O 12. g4 Nh4 13. Nxh4 Bxh4 14. Bd3 f6 15. Be3 Rac8 16. f4 Qd8 17. g5 fxe5 18. dxe5 Ne7 19. Qh5 Nf5 20. Bxf5 exf5 21. Nd4 Bxg5 22. Qxg5 Qe8 23. Rae1 Be6 24. Re2 Rc7 25. Rg2 Qd7 26. Qh6 g6 27. h4 Re8 28. h5 Qg7 29. Qg5 Kf7 30. Nb5 Rd7 31. Nd6+ Rxd6 1-0

[Event "31st Klatovy A 2025"]
[Site "Klatovy CZE"]
[Date "2025.06.28"]
[Round "1.20"]
[White "Rezac, Jindrich"]
[Black "Stein, Michael 2009"]
[Result "1/2-1/2"]
[WhiteElo "1849"]
[BlackElo "2095"]
[PlyCount "91"]
[EventDate "2025.06.28"]
[EventType "swiss"]
[EventRounds "9"]
[EventCountry "CZE"]

1. c4 e5 2. g3 Nf6 3. Bg2 d5 4. cxd5 Nxd5 5. Nc3 Nb6 6. Nf3 Nc6 7. O-O Be6 8. a3 Be7 9. b4 O-O 10. d3 f6 11. Bb2 a5 12. b5 Nd4 13. Nxd4 exd4 14. Na4 Bd5 15. Nxb6 cxb6 16. Bxd5+ Qxd5 17. Qa4 Bc5 18. Qc4 Qxc4 19. dxc4 Rad8 20. Rad1 Rfe8 21. Rd2 Re6 22. Rfd1 Red6 23. Kg2 Kf7 24. Kf3 Kg6 25. Rd3 Kf5 26. h3 h6 27. Bc1 g5 28. Bb2 h5 29. g4+ hxg4+ 30. hxg4+ Kg6 31. Ke4 Re8+ 32. Kf3 Rde6 33. R1d2 Re4 34. Bxd4 Rf4+ 35. Kg3 Bxd4 36. Rxd4 Rxe2 37. Rxe2 Rxd4 38. Re6 Rxc4 39. Rxb6 Rc3+ 40. f3 Rxa3 41. Rxb7 Rb3 42. b6 a4 43. Ra7 Rxb6 44. Rxa4 Kg7 45. Re4 Rd6 46. Re3 1/2-1/2

[Event "31st Klatovy A 2025"]
[Site "Klatovy CZE"]
[Date "2025.06.28"]
[Round "1.21"]
[White "Kroulik, Vaclav"]
[Black "Kocman, Patrik"]
[Result "1/2-1/2"]
[WhiteElo "2088"]
[BlackElo "1836"]
[PlyCount "87"]
[EventDate "2025.06.28"]
[EventType "swiss"]
[EventRounds "9"]
[EventCountry "CZE"]

1. e4 e5 2. Nf3 Nc6 3. Bc4 Bc5 4. c3 Nf6 5. d4 exd4 6. cxd4 Bb4+ 7. Bd2 Bxd2+ 8. Nbxd2 d5 9. exd5 Nxd5 10. O-O O-O 11. Rc1 Nb6 12. Bb3 Bg4 13. h3 Bh5 14. Rc5 Bg6 15. Nb1 Be4 16. Ng5 Bg6 17. Nf3 Be4 18. Ng5 Bg6 19. Nf3 Ne7 20. Nc3 c6 21. Qd2 Qd6 22. Re1 Rad8 23. Rce5 Ned5 24. Nxd5 Nxd5 25. Bxd5 cxd5 26. Qa5 a6 27. Re7 Rd7 28. Rxd7 Qxd7 29. Ne5 Qd6 30. Rc1 f6 31. Nxg6 hxg6 32. Qc7 Qb4 33. Qc5 Qxb2 34. Qxd5+ Kh7 35. Rc7 Qe2 36. Qxb7 Rg8 37. Qb1 Qd2 38. Rc5 f5 39. Qc1 Qxd4 40. Rc4 Qf6 41. Rc6 Qh4 42. Rxa6 Re8 43. Ra3 Re2 44. Rg3 1/2-1/2

[Event "31st Klatovy A 2025"]
[Site "Klatovy CZE"]
[Date "2025.06.28"]
[Round "1.22"]
[White "Vo, Daniel"]
[Black "Svadlenka, Dominik"]
[Result "0-1"]
[WhiteElo "1834"]
[BlackElo "2086"]
[PlyCount "96"]
[EventDate "2025.06.28"]
[EventType "swiss"]
[EventRounds "9"]
[EventCountry "CZE"]

1. e4 c6 2. d4 d5 3. exd5 cxd5 4. c4 Nf6 5. Nc3 e6 6. c5 Be7 7. Nf3 O-O 8. Bf4 Ne4 9. Bd3 f5 10. h4 b6 11. cxb6 Qxb6 12. Qb3 Qxb3 13. axb3 Bb4 14. Rc1 Nc6 15. Bb5 Na5 16. Ba4 Ba6 17. Ne5 Rfc8 18. Rh3 Kf8 19. Nd7+ Ke8 20. Re3 Nxb3 21. Bxb3 Kxd7 22. f3 Nxc3 23. bxc3 Bd6 24. Ba4+ Kc7 25. Bxd6+ Kxd6 26. Kd2 Rc7 27. Rce1 Re7 28. Bc2 Rf8 29. Re5 Bc4 30. f4 Rff7 31. g3 g6 32. Ba4 a6 33. R5e3 h6 34. Re5 Rg7 35. Bc2 g5 36. Kc1 gxf4 37. gxf4 Bb5 38. h5 Be8 39. Kd2 Rg2+ 40. Kc1 Bf7 41. R5e3 Rg4 42. Rf1 Re8 43. Bd1 Rg2 44. Be2 a5 45. c4 dxc4 46. Bxc4 Rc8 47. Rc3 Bxh5 48. Re1 Be2 0-1

[Event "31st Klatovy A 2025"]
[Site "Klatovy CZE"]
[Date "2025.06.28"]
[Round "1.23"]
[White "Pycha, Patrik"]
[Black "Chmelik, Ladislav"]
[Result "1-0"]
[WhiteElo "2076"]
[BlackElo "1816"]
[PlyCount "97"]
[EventDate "2025.06.28"]
[EventType "swiss"]
[EventRounds "9"]
[EventCountry "CZE"]

1. e4 e5 2. Nf3 Nf6 3. Nxe5 Qe7 4. Nf3 Nxe4 5. Be2 d5 6. O-O Nc6 7. Re1 Be6 8. Nc3 Qc5 9. d4 Nxc3 10. bxc3 Qxc3 11. Rb1 O-O-O 12. Bd2 Qa3 13. Bb5 Qd6 14. Qc1 f6 15. Bf4 Qd7 16. Qb2 Re8 17. Re3 Bd6 18. Rc3 Kd8 19. Be3 Ke7 20. Bxc6 bxc6 21. Rb3 Bg4 22. Nd2 Kf7 23. c4 Bf5 24. Rc1 g5 25. cxd5 cxd5 26. Rb7 a6 27. Qb3 Be6 28. Rc3 Ra8 29. Qc2 Rac8 30. Rc6 Bf5 31. Qc3 a5 32. Ra6 Rb8 33. Raa7 Rxb7 34. Rxb7 Ra8 35. Qb3 Qc6 36. a4 Bb4 37. Rxc7+ Qxc7 38. Qxd5+ Kg6 39. Qxa8 Bd7 40. Qg8+ Kh6 41. Nf3 Qc2 42. Bxg5+ Kh5 43. Qf7+ Qg6 44. g4+ Kxg4 45. Qxf6 Qb1+ 46. Kg2 Qe4 47. h3+ Kh5 48. Qg7 Bf8 49. Qxf8 1-0

[Event "31st Klatovy A 2025"]
[Site "Klatovy CZE"]
[Date "2025.06.28"]
[Round "1.24"]
[White "Bubela, Alexander Georg"]
[Black "Slaby, Matej"]
[Result "0-1"]
[WhiteElo "1806"]
[BlackElo "2056"]
[PlyCount "112"]
[EventDate "2025.06.28"]
[EventType "swiss"]
[EventRounds "9"]
[EventCountry "CZE"]

1. d4 Nf6 2. c4 e6 3. Nf3 d5 4. Nc3 Be7 5. Bg5 Nbd7 6. e3 h6 7. Bf4 c6 8. Bd3 O-O 9. O-O dxc4 10. Bxc4 b5 11. Bd3 Bb7 12. h3 a6 13. a4 b4 14. Ne4 Nxe4 15. Bxe4 Nf6 16. Bc2 c5 17. dxc5 Bxc5 18. Rc1 Qe7 19. Qe2 Rfd8 20. Rfd1 Bd6 21. Bxd6 Rxd6 22. Rxd6 Qxd6 23. Qd3 Qb6 24. Qe2 Rc8 25. Rd1 Bxf3 26. gxf3 Qc5 27. Bb3 a5 28. Qb5 Kh7 29. Qxc5 Rxc5 30. f4 g6 31. Kg2 Kg7 32. Rd8 g5 33. fxg5 Rxg5+ 34. Kh2 Ne4 35. Bc2 Nc5 36. Rb8 Kf6 37. Rb5 Nd7 38. f4 Rxb5 39. axb5 Ke7 40. Kg3 Kd6 41. b3 Kc5 42. Bd3 e5 43. Kg4 e4 44. Bxe4 Nf6+ 45. Kf3 Nxe4 46. Kxe4 Kxb5 47. Kd3 a4 48. bxa4+ Kxa4 49. Kc2 Ka3 50. Kb1 Kb3 51. e4 Kc4 52. Kb2 Kd4 53. e5 Ke4 54. Kb3 Kxf4 55. Kxb4 Kxe5 56. Kc3 Kf4 0-1

[Event "31st Klatovy A 2025"]
[Site "Klatovy CZE"]
[Date "2025.06.28"]
[Round "1.25"]
[White "Pirklova, Hana"]
[Black "Gernert, Tomas"]
[Result "1-0"]
[WhiteElo "2048"]
[BlackElo "1794"]
[PlyCount "79"]
[EventDate "2025.06.28"]
[EventType "swiss"]
[EventRounds "9"]
[EventCountry "CZE"]

1. e4 c5 2. Nf3 Nc6 3. d4 cxd4 4. Nxd4 g6 5. Be3 Bg7 6. Nc3 Nf6 7. Nb3 O-O 8. Be2 d6 9. O-O Be6 10. f4 a6 11. Bf3 Rc8 12. Nd5 b5 13. c3 Bxd5 14. exd5 Na5 15. Nxa5 Qxa5 16. a3 Qc7 17. Re1 Rfe8 18. Bd4 Qc4 19. b3 Qc7 20. a4 Ra8 21. axb5 axb5 22. Rxa8 Rxa8 23. Qe2 Kf8 24. Qxb5 Rb8 25. Qc6 Qd8 26. b4 Nd7 27. Qc4 Nb6 28. Bxg7+ Kxg7 29. Qd4+ Kg8 30. c4 Na4 31. c5 dxc5 32. bxc5 Qa5 33. Rxe7 Nxc5 34. h3 Rd8 35. Qf6 Rf8 36. d6 Qb6 37. Kh2 Ne6 38. Bd5 Qxd6 39. Bxe6 fxe6 40. Qg7# 1-0

[Event "31st Klatovy A 2025"]
[Site "Klatovy CZE"]
[Date "2025.06.28"]
[Round "1.26"]
[White "Paldus, Jan"]
[Black "Palek, Miroslav"]
[Result "0-1"]
[WhiteElo "1761"]
[BlackElo "2046"]
[PlyCount "90"]
[EventDate "2025.06.28"]
[EventType "swiss"]
[EventRounds "9"]
[EventCountry "CZE"]

1. e4 c5 2. c3 Nf6 3. e5 Nd5 4. d4 cxd4 5. Nf3 d6 6. cxd4 Nc6 7. Bc4 e6 8. O-O Be7 9. Qe2 O-O 10. Nc3 Nxc3 11. bxc3 Bd7 12. Bd2 Na5 13. Bd3 d5 14. Rfb1 b6 15. g3 Rc8 16. h4 Nc4 17. Bg5 f6 18. exf6 gxf6 19. Bh6 Rf7 20. Nd2 Nxd2 21. Qxd2 Qc7 22. Ba6 Rd8 23. Be2 Bf8 24. Bh5 Bxh6 25. Bxf7+ Kg7 26. Qd3 Kxf7 27. Qxh7+ Bg7 28. Qh5+ Kg8 29. Rc1 Rc8 30. Qg6 Be8 31. Qg4 f5 32. Qg5 Kh7 33. Qe3 f4 34. Qf3 fxg3 35. fxg3 Bg6 36. g4 Be4 37. Qh3 e5 38. dxe5 Qc5+ 39. Kf1 Rf8+ 40. Ke1 Qg1+ 41. Ke2 Rf2+ 42. Ke3 Rf3+ 43. Ke2 Qe3+ 44. Kd1 Rxh3 45. Rc2 Rh1# 0-1

[Event "31st Klatovy A 2025"]
[Site "Klatovy CZE"]
[Date "2025.06.28"]
[Round "1.27"]
[White "Andrle, Filip"]
[Black "Mojzisova, Barbora"]
[Result "1-0"]
[WhiteElo "2019"]
[BlackElo "1757"]
[PlyCount "75"]
[EventDate "2025.06.28"]
[EventType "swiss"]
[EventRounds "9"]
[EventCountry "CZE"]

1. c4 e5 2. Nc3 Nf6 3. g3 d5 4. cxd5 Nxd5 5. Bg2 Be6 6. Nf3 Nc6 7. O-O Be7 8. d3 O-O 9. Bd2 f6 10. Rc1 Qd7 11. a3 Nxc3 12. Bxc3 Kh8 13. Qc2 Bh3 14. e3 Bxg2 15. Kxg2 Rad8 16. Rfd1 Qe6 17. b4 a6 18. Qb2 Rd7 19. a4 Rfd8 20. b5 e4 21. Nd2 axb5 22. axb5 Ne5 23. Bxe5 fxe5 24. Nxe4 Rxd3 25. Rxd3 Rxd3 26. Rxc7 Bd8 27. Rc5 Bf6 28. Qc3 Rd8 29. Qc4 Qb6 30. Rc8 h6 31. Qc7 Qxc7 32. Rxc7 Rb8 33. Nxf6 gxf6 34. b6 Kg8 35. Kh3 Rd8 36. Rxb7 Rd6 37. Kg4 Rd8 38. Rc7 1-0

[Event "31st Klatovy A 2025"]
[Site "Klatovy CZE"]
[Date "2025.06.28"]
[Round "1.28"]
[White "Feierfeil, Jiri"]
[Black "Krivka, Matej"]
[Result "0-1"]
[WhiteElo "1738"]
[BlackElo "2000"]
[PlyCount "58"]
[EventDate "2025.06.28"]
[EventType "swiss"]
[EventRounds "9"]
[EventCountry "CZE"]

1. d4 Nf6 2. c4 g6 3. Nc3 Bg7 4. e4 d6 5. Bd3 O-O 6. Nge2 e5 7. d5 a5 8. O-O Nbd7 9. f3 Nc5 10. Bc2 Ne8 11. Be3 f5 12. exf5 gxf5 13. Qd2 Kh8 14. Bg5 Bf6 15. Bxf6+ Qxf6 16. Ng3 Rg8 17. Kh1 Bd7 18. a3 a4 19. Rad1 Ng7 20. Rf2 Raf8 21. Rdf1 Qh4 22. Qe2 Rf6 23. Rd1 Rh6 24. Nf1 Nh5 25. g4 fxg4 26. Qe3 Nf4 27. Ne4 Nxe4 28. Bxe4 g3 29. Nxg3 Rxg3 0-1

[Event "31st Klatovy A 2025"]
[Site "Klatovy CZE"]
[Date "2025.06.28"]
[Round "1.29"]
[White "Langmajer, Jan"]
[Black "Hrckova, Anna"]
[Result "1-0"]
[WhiteElo "1994"]
[BlackElo "1728"]
[PlyCount "53"]
[EventDate "2025.06.28"]
[EventType "swiss"]
[EventRounds "9"]
[EventCountry "CZE"]

1. e4 e6 2. d4 d5 3. e5 c5 4. c3 Nc6 5. Nf3 Qb6 6. Be2 cxd4 7. cxd4 Nge7 8. Nc3 Nf5 9. Kf1 Nfxd4 10. Na4 Qb4 11. Bd2 Qe7 12. Bg5 f6 13. exf6 gxf6 14. Nxd4 fxg5 15. Nf5 exf5 16. Qxd5 Bg7 17. Bb5 Kf8 18. Re1 Be6 19. Rxe6 Qf7 20. Qc5+ Kg8 21. Re7 Bf8 22. Rxf7 Bxc5 23. Bc4 b5 24. Rxa7+ bxc4 25. Rxa8+ Kg7 26. Rxh8 Kxh8 27. Nxc5 1-0

[Event "31st Klatovy A 2025"]
[Site "Klatovy CZE"]
[Date "2025.06.29"]
[Round "2.1"]
[White "Svadlenka, Dominik"]
[Black "Straka, Vojtech"]
[Result "1/2-1/2"]
[WhiteElo "2086"]
[BlackElo "2425"]
[PlyCount "109"]
[EventDate "2025.06.28"]
[EventType "swiss"]
[EventRounds "9"]
[EventCountry "CZE"]

1. d4 {[%emt 0:00:03]} Nf6 {[%emt 0:00:11]} 2. c4 {[%emt 0:00:03]} e6 {[%emt 0:00:14]} 3. Nc3 {[%emt 0:00:19]} Bb4 {[%emt 0:00:10]} 4. Qc2 {[%emt 0:00:06]} O-O {[%emt 0:00:34]} 5. e4 {[%emt 0:00:15]} d5 {[%emt 0:03:37]} 6. e5 {[%emt 0:00:06]} Ne4 {[%emt 0:00:06]} 7. Bd3 {[%emt 0:00:50]} c5 {[%emt 0:00:12]} 8. cxd5 {[%emt 0:04:01]} exd5 {[%emt 0:02:50]} 9. Nge2 {[%emt 0:01:22]} Nc6 {[%emt 0:12:24]} 10. O-O {[%emt 0:04:58]} Nxd4 {[%emt 0:08:40]} 11. Nxd4 {[%emt 0:05:24]} cxd4 {[%emt 0:01:44]} 12. Nxe4 {[%emt 0:00:18]} dxe4 {[%emt 0:00:16]} 13. Bxe4 {[%emt 0:00:05]} h6 {[%emt 0:04:23]} 14. Bf4 {[%emt 0:07:00]} Qb6 {[%emt 0:03:28]} 15. a3 {[%emt 0:05:08]} Be7 {[%emt 0:02:50]} 16. Rac1 {[%emt 0:01:14]} Re8 {[%emt 0:08:33]} 17. b4 {[%emt 0:31:32]} a5 {[%emt 0:07:58]} 18. e6 {[%emt 0:01:43]} Bxe6 {[%emt 0:25:17]} 19. Bc7 {[%emt 0:02:27]} Qb5 {[%emt 0:06:21]} 20. bxa5 {[%emt 0:17:54]} Rac8 {[%emt 0:06:13]} 21. Rb1 {[%emt 0:15:22]} Qh5 {[%emt 0:07:56]} 22. Qa4 {[%emt 0:07:12]} Kf8 {[%emt 0:07:47]} 23. Bf3 {[%emt 0:03:22]} Bg4 {[%emt 0:12:18]} 24. Bxg4 {[%emt 0:01:16]} Qxg4 {[%emt 0:00:02]} 25. Rxb7 {[%emt 0:01:00]} Qe4 {[%emt 0:02:41]} 26. a6 {[%emt 0:00:49]} Ra8 {[%emt 0:00:06]} 27. Qc4 {[%emt 0:06:31]} Qe6 {[%emt 0:03:02]} 28. Qxe6 {[%emt 0:01:50]} fxe6 {[%emt 0:00:02]} 29. a7 {[%emt 0:00:53]} Bxa3 {[%emt 0:01:53]} 30. Be5 {[%emt 0:00:11]} Bc5 {[%emt 0:01:23]} 31. Bxg7+ {[%emt 0:00:33]} Kg8 {[%emt 0:00:01]} 32. Bxh6 {[%emt 0:00:33]} Rxa7 {[%emt 0:00:26]} 33. Rxa7 {[%emt 0:00:07]} Bxa7 {[%emt 0:00:06]} 34. Rd1 {[%emt 0:00:37]} e5 {[%emt 0:00:32]} 35. f3 {[%emt 0:00:21]} Kf7 {[%emt 0:00:47]} 36. Rd3 {[%emt 0:00:33]} Ke6 {[%emt 0:00:21]} 37. h4 {[%emt 0:00:48]} Kd5 {[%emt 0:00:08]} 38. Kf2 {[%emt 0:00:25]} Kc4 {[%emt 0:00:29]} 39. Rd1 {[%emt 0:01:27]} e4 {[%emt 0:02:43]} 40. fxe4 {[%emt 0:00:06]} Rxe4 {[%emt 0:00:05]} 41. Bg5 {[%emt 0:00:43]} d3+ {[%emt 0:01:11]} 42. Kf3 {[%emt 0:00:22]} Re2 {[%emt 0:00:12]} 43. g4 {[%emt 0:01:31]} Kc3 {[%emt 0:01:02]} 44. h5 {[%emt 0:01:14]} Rf2+ {[%emt 0:00:41]} 45. Kg3 {[%emt 0:00:29]} Rf7 {[%emt 0:00:25]} 46. h6 {[%emt 0:01:13]} Kc2 {[%emt 0:00:07]} 47. Rc1+ {[%emt 0:00:09]} Kb2 {[%emt 0:00:06]} 48. Rh1 {[%emt 0:00:22]} Bd4 {[%emt 0:01:01]} 49. Bc1+ {[%emt 0:04:09]} Kc2 {[%emt 0:00:12]} 50. g5 {[%emt 0:00:21]} d2 {[%emt 0:00:51]} 51. Bxd2 {[%emt 0:00:05]} Kxd2 {[%emt 0:00:04]} 52. g6 {[%emt 0:00:41]} Rf6 {[%emt 0:00:20]} 53. g7 {[%emt 0:01:11]} Rg6+ {[%emt 0:00:07]} 54. Kf3 {[%emt 0:00:14]} Bxg7 {[%emt 0:00:25]} 55. hxg7 {[%emt 0:00:06]} 1/2-1/2

[Event "31st Klatovy A 2025"]
[Site "Klatovy CZE"]
[Date "2025.06.29"]
[Round "2.2"]
[White "Slovak, Kilian"]
[Black "Vysinsky, Otakar"]
[Result "1-0"]
[WhiteElo "2349"]
[BlackElo "2116"]
[PlyCount "107"]
[EventDate "2025.06.28"]
[EventType "swiss"]
[EventRounds "9"]
[EventCountry "CZE"]

1. e4 {[%emt 0:00:28]} c5 {[%emt 0:00:14]} 2. Nf3 {[%emt 0:00:48]} Nc6 {[%emt 0:00:20]} 3. d4 {[%emt 0:01:03]} cxd4 {[%emt 0:00:06]} 4. Nxd4 {[%emt 0:00:04]} Nf6 {[%emt 0:00:40]} 5. Nc3 {[%emt 0:00:13]} e5 {[%emt 0:00:17]} 6. Ndb5 {[%emt 0:00:06]} d6 {[%emt 0:00:10]} 7. Bg5 {[%emt 0:00:06]} a6 {[%emt 0:00:10]} 8. Na3 {[%emt 0:00:08]} b5 {[%emt 0:00:11]} 9. Bxf6 {[%emt 0:00:49]} gxf6 {[%emt 0:00:15]} 10. Nd5 {[%emt 0:00:13]} f5 {[%emt 0:02:58]} 11. Bd3 {[%emt 0:01:34]} Be6 {[%emt 0:02:38]} 12. c3 {[%emt 0:00:07]} Bg7 {[%emt 0:01:51]} 13. Nxb5 {[%emt 0:00:09]} axb5 {[%emt 0:01:40]} 14. Bxb5 {[%emt 0:00:06]} Bd7 {[%emt 0:06:08]} 15. exf5 {[%emt 0:00:21]} O-O {[%emt 0:17:44]} 16. O-O {[%emt 0:00:10]} Kh8 {[%emt 0:05:55]} 17. Qg4 {[%emt 0:01:58]} f6 {[%emt 0:03:01]} 18. Qe4 {[%emt 0:00:36]} Rb8 {[%emt 0:02:02]} 19. a4 {[%emt 0:00:09]} Ne7 {[%emt 0:01:17]} 20. Bxd7 {[%emt 0:08:36]} Qxd7 {[%emt 0:01:54]} 21. Nxe7 {[%emt 0:02:48]} Qxe7 {[%emt 0:00:02]} 22. b4 {[%emt 0:01:28]} Rfc8 {[%emt 0:03:16]} 23. Ra3 {[%emt 0:07:30]} Qb7 {[%emt 0:08:56]} 24. Qxb7 {[%emt 0:06:25]} Rxb7 {[%emt 0:00:02]} 25. a5 {[%emt 0:00:58]} Rb5 {[%emt 0:14:28]} 26. a6 {[%emt 0:10:50]} Ra8 {[%emt 0:03:11]} 27. Rfa1 {[%emt 0:03:33]} Bf8 {[%emt 0:08:11]} 28. Ra5 {[%emt 0:28:22]} Rxa5 {[%emt 0:11:27]} 29. Rxa5 {[%emt 0:00:02]} d5 {[%emt 0:01:46]} 30. Kf1 {[%emt 0:03:02]} d4 {[%emt 0:00:44]} 31. cxd4 {[%emt 0:01:14]} exd4 {[%emt 0:01:36]} 32. Ra4 {[%emt 0:08:31]} d3 {[%emt 0:09:48]} 33. Ke1 {[%emt 0:01:22]} Bh6 {[%emt 0:07:23]} 34. g3 {[%emt 0:02:31]} Bc1 {[%emt 0:03:15]} 35. Kd1 {[%emt 0:01:00]} d2 {[%emt 0:00:18]} 36. a7 {[%emt 0:00:05]} Kg7 {[%emt 0:00:23]} 37. b5 {[%emt 0:01:59]} Re8 {[%emt 0:05:57]} 38. Rd4 {[%emt 0:00:11]} Ba3 {[%emt 0:01:44]} 39. Kxd2 {[%emt 0:04:34]} Bc5 {[%emt 0:00:36]} 40. Rd7+ {[%emt 0:00:06]} Kh6 {[%emt 0:00:46]} 41. Rb7 {[%emt 0:00:18]} Bxa7 {[%emt 0:04:54]} 42. Rxa7 {[%emt 0:00:05]} Re5 {[%emt 0:00:09]} 43. b6 {[%emt 0:01:11]} Rxf5 {[%emt 0:00:13]} 44. b7 {[%emt 0:01:24]} Rb5 {[%emt 0:00:25]} 45. Kc3 {[%emt 0:00:43]} Rb1 {[%emt 0:00:26]} 46. Kd4 {[%emt 0:00:07]} Kg5 {[%emt 0:02:29]} 47. f3 {[%emt 0:00:04]} h5 {[%emt 0:00:30]} 48. h4+ {[%emt 0:00:05]} Kf5 {[%emt 0:00:16]} 49. Kd5 {[%emt 0:00:04]} Rb2 {[%emt 0:00:45]} 50. Kc6 {[%emt 0:00:10]} Rc2+ {[%emt 0:00:20]} 51. Kb6 {[%emt 0:00:05]} Rb2+ {[%emt 0:00:07]} 52. Kc7 {[%emt 0:00:04]} Rc2+ {[%emt 0:00:05]} 53. Kb8 {[%emt 0:00:04]} Rc3 {[%emt 0:00:59]} 54. Ka8 {[%emt 0:00:05]} 1-0

[Event "31st Klatovy A 2025"]
[Site "Klatovy CZE"]
[Date "2025.06.29"]
[Round "2.3"]
[White "Slaby, Matej"]
[Black "Horak, Martin"]
[Result "0-1"]
[WhiteElo "2056"]
[BlackElo "2324"]
[PlyCount "54"]
[EventDate "2025.06.28"]
[EventType "swiss"]
[EventRounds "9"]
[EventCountry "CZE"]

1. d4 {[%emt 0:00:02]} d5 {[%emt 0:00:05]} 2. Nf3 {[%emt 0:00:06]} Nf6 {[%emt 0:00:05]} 3. e3 {[%emt 0:00:08]} c5 {[%emt 0:01:32]} 4. c3 {[%emt 0:00:14]} cxd4 {[%emt 0:07:52]} 5. exd4 {[%emt 0:00:09]} Nc6 {[%emt 0:00:05]} 6. Bf4 {[%emt 0:00:50]} e6 {[%emt 0:04:22]} 7. Nbd2 {[%emt 0:00:52]} Nh5 {[%emt 0:00:22]} 8. Bg3 {[%emt 0:03:12]} Bd6 {[%emt 0:01:53]} 9. Bxd6 {[%emt 0:05:19]} Qxd6 {[%emt 0:02:00]} 10. Ne5 {[%emt 0:00:07]} g6 {[%emt 0:00:17]} 11. Ndf3 {[%emt 0:02:07]} f6 {[%emt 0:04:49]} 12. Nxc6 {[%emt 0:00:47]} bxc6 {[%emt 0:00:07]} 13. Qd2 {[%emt 0:01:08]} e5 {[%emt 0:03:53]} 14. dxe5 {[%emt 0:04:13]} fxe5 {[%emt 0:00:05]} 15. O-O-O {[%emt 0:04:43]} O-O {[%emt 0:04:10]} 16. Re1 {[%emt 0:02:34]} Re8 {[%emt 0:03:12]} 17. g3 {[%emt 0:08:20]} Rb8 {[%emt 0:05:32]} 18. Nd4 {[%emt 0:06:11]} Nf6 {[%emt 0:07:09]} 19. Nc2 {[%emt 0:01:50]} Bf5 {[%emt 0:05:29]} 20. Bd3 {[%emt 0:03:48]} e4 {[%emt 0:04:49]} 21. Be2 {[%emt 0:01:34]} c5 {[%emt 0:03:59]} 22. f3 {[%emt 0:09:40]} Qb6 {[%emt 0:03:34]} 23. Ne3 {[%emt 0:01:03]} Be6 {[%emt 0:01:20]} 24. Nd1 {[%emt 0:09:50]} d4 {[%emt 0:02:05]} 25. b3 {[%emt 0:03:15]} Bxb3 {[%emt 0:02:54]} 26. axb3 {[%emt 0:04:15]} Qxb3 {[%emt 0:00:23]} 27. Qc2 {[%emt 0:00:25]} Qa3+ {[%emt 0:00:14]} 0-1